| 000 | 00813nam a2200205 a 4500 | ||
|---|---|---|---|
| 008 | 120416s1996 ||||||||||||||||| || u | ||
| 020 | _a0521471575 | ||
| 050 | _aTK 7878 Kla | ||
| 100 | _aKlaassen, Klaas | ||
| 245 | 1 | 0 |
_aElectronic measurement and instrumentation _ctranslated by Stephen Mark Gee |
| 260 |
_aCambridge _bCambridge University Press _c1996 |
||
| 300 | _aviii, 335p. : ill. | ||
| 350 | _a0.00 | ||
| 500 | _aBibliography | ||
| 650 | _aELECTRONIC INSTRUMENTS | ||
| 650 | _aELECTRONIC MEASUREMENTS | ||
| 856 | _uhttp://www.loc.gov/catdir/toc/cam026/95022252.html | ||
| 856 | _uhttp://www.loc.gov/catdir/description/cam027/95022252.html | ||
| 995 |
_D0.00 _FCBU-MAIN LIBRARY (Kitwe) _H1 _I0.00 _M1 _UAVAILABLE _ZMain Library Open Access Collection |
||
| 999 |
_c41546 _d41546 |
||